Taylor Swift - Back to December Lyrics - Statistics

General Stats
  • This quiz has been taken 1,231 times
  • The average score is 360 of 427
Answer Stats
Lyric % Correct
i
100%
to
99%
a
98%
the
98%
time
98%
you
98%
back
97%
go
97%
me
97%
time
97%
and
96%
december
96%
so
96%
in
95%
your
95%
all
94%
i'm
93%
is
93%
my
91%
that
91%
then
91%
this
91%
we
91%
night
90%
of
90%
ever
89%
for
89%
good
89%
how
89%
it
88%
mind
88%
saw
88%
see
88%
sorry
88%
but
87%
family
87%
miss
87%
saying
87%
front
86%
pride
86%
them
86%
haven't
85%
how's
85%
standing
85%
tell
85%
life
84%
turn
84%
when
84%
while
84%
made
83%
seen
83%
swallowing
83%
glad
82%
i'd
82%
right
81%
gave
80%
last
80%
missing
79%
what
79%
mine
78%
roses
78%
were
78%
been
77%
die
77%
left
77%
nothing
77%
out
77%
had
76%
know
76%
than
76%
there
76%
around
75%
love
75%
talk
75%
turns
75%
up
75%
why
75%
freedom
74%
busier
73%
small
73%
still
73%
make
72%
realized
72%
weather
72%
wishing
71%
because
70%
think
70%
work
70%
you've
70%
guard
69%
change
68%
ain't
67%
smile
65%
sweet
65%
cry
64%
first
64%
arms
62%
burned
62%
september
62%
held
61%
skin
61%
tan
61%
loved
60%
was
60%
if
57%
days
56%
goodbye
56%
maybe
55%
thinking
55%
call
54%
own
54%
sleeping
54%
birthday
53%
didn't
53%
on
52%
these
52%
wishful
52%
can't
51%
about
50%
came
49%
dreaming
49%
door
48%
fall
48%
summer
48%
beautiful
47%
passed
47%
times
47%
cold
46%
from
46%
passenger
46%
probably
46%
side
46%
again
45%
dark
45%
staying
45%
swear
45%
understand
45%
chain
44%
laughing
42%
mindless
42%
myself
42%
watched
42%
into
40%
fear
38%
crept
37%
leaving
37%
playing
37%
No matching quizzes found
Score Distribution
Percent of People with Each Score
Percentile by Number Answered
Your Score History
You have not taken this quiz